000 00624nam a2200217Ia 4500
005 20230517162539.0
008 131103s9999 xx 000 0 und d
020 _a713156848
040 _aLoreto College
041 _aEnglish
082 _a330.942
_bTHO
100 _aThompson,Allan
245 4 _aThe dynamics of the industrial revolution
_cAllan Thompson
260 _aLondon
_bEdward Arnold
_c1973
300 _ax,174 p.
504 _aIncludes bibliographical references and index
650 _aEconomics - Economics Geography
651 _aGreat Britain - Economic Conditions
850 _aLCLIB
942 _cBK
999 _c7520
_d57999